Quizzes
Events
Quiz Creation
Community
Videos
Private Events
Remove Ads
Sign In
Join for FREE
Feedback
Dark Mode
Quiz Categories
Sports
Geography
Music
Movies
Television
Just For Fun
Miscellaneous
History
Literature
Language
Science
Gaming
Entertainment
Religion
Holiday
For Kids
Quiz Lab
Recent
Popular Today
Quiz Kudos Today
Editor Picks
Curator Picks
Quizzes by...
Day
Popularity
Type
Ratings
Length
Year
Community
Subscriptions
Recent Discussions
Orange Saloon
Badges
Playlists
Quests
Create
Leaderboards
Showdown
Live 5
Trivia Bingo
Activity
Puzzle Library
Sporcle Events
Private Events
Virtual Trivia
Globe League
Become a Host
Pub Owners
SporcleCon
Opinionation
Our Games
Videos
Blog
Mobile Apps
Partnerships
Remove Ads and Go Orange
Feedback
Geography
Country
Landmarks
City
State
Population
World
Capital
Continent
Flags
Europe
Africa
Asia
South America
North America
Oceania
Border
Canada
United Kingdom
Topography
United States
Geography
Country
Landmarks
City
State
Population
World
Capital
Continent
Flags
Europe
Africa
Asia
South America
North America
Oceania
Border
Canada
United Kingdom
Topography
United States
Random Quiz
Search Sporcle
×
Quiz Lab
Quiz Lab
Geography
State
Type in answers that appear in a list
Type in answers that appear in a list
Classic
Best Score? Go Orange.
National Park Service units in New York Stats
Can you name the National Park Service units in New York?
By
redwing61
12m
24 Questions
32 Plays
32 Plays
32 Plays
Comments
Comments
Give Quiz Kudos
Give Quiz Kudos
-
- Ratings
hide this ad
Replay
Link that replays current quiz
Next Quiz
Link to next quiz in quiz playlist
You Got
0%
They Got
Avg Score
60%
Avg Friend Score
Upgrade to see
Score Distribution
Jump to the score distribution portion of the page
Score
0/24
Timer
12:00
0
Plays Today
Location
NPS unit
% Correct
New York City
Statue of Liberty NM
93.8%
fourteen states
Appalachian National Scenic Trail
87.5%
Stillwater
Saratoga NHP
71.9%
Patchogue
Fire Island NS
68.8%
New York City
Theodore Roosevelt Birthplace NHS
68.8%
Buffalo
Theodore Roosevelt Inaugural NHS
68.8%
New York City
Gateway NRA
68.8%
Hyde Park
Home of Franklin D. Roosevelt NHS
65.6%
New York City
Federal Hall NMEM
62.5%
New York City
Castle Clinton NM
62.5%
Hyde Park
Eleanor Roosevelt NHS
62.5%
Narrowsburg
Upper Delaware Scenic and Recreational River
59.4%
Location
NPS unit
% Correct
New York City
Stonewall NM
59.4%
New York City
Governors Island NM
56.3%
New York City
General Grant NMEM
56.3%
New York City
African Burial Ground NM
56.3%
Rome
Fort Stanwix NM
53.1%
New York City
Hamilton Grange NMEM
53.1%
Kinderhook
Martin Van Buren NHS
50%
Seneca Falls
Women's Rights NHP
50%
Oyster Bay
Sagamore Hill NHS
46.9%
Mount Vernon
Saint Paul's Church NHS
46.9%
Hyde Park
Vanderbilt Mansion NHS
46.9%
Auburn
Harriet Tubman NHP
46.9%
Quiz Playlist
Details
Report
Send in Message
Add To Playlist
Classic:
Type in answers that appear in a list
Quiz Source
Last Updated: Apr 3, 2017
Quiz Scoreboard
CHALLENGE
Sign Up to Join the Scoreboard
Show All
Scores
Hide
Comments
May contain spoilers
Recently Published
Popular People in 1961
by mucciniale
History
6m
1-10 Letter E Words III
by El_Dandy
Language
2m
One Thing in Common: World Cities II
by knightlancer
Geography
7m
More to Explore
Quiz From the Vault
Featured Blog Post
Where Did the Easter Bunny Come From?
hide this ad
You Might Also Like...
Tags
State Quiz
United States Quiz
National Parks
New York
Today's Top Quizzes in Geography
Browse Geography
hide this ad
Today's Top Quizzes in State
Browse State
Top Contributed Quizzes in Geography
1
Countries of the World - No Outlines Minefield
2
African Flag Reveal XLV
3
Top 25 Cities of France on a map
4
Closest Countries to UK A-Z
5
Blind Secret Country CLXXXVIII
6
Find the US States - No Outlines
7
One Thing in Common: Asia
8
Blind Ultimate Minefield: Asia
9
30 Pics in 60: Landmark Cities
10
Find the States of India (Picture Click)
Explore More
Trending Topics
Kpop
Anime
Crossword
Disney
Marvel
NBA
Harry Potter
NFL
Song
WWE
Pokémon
The Office
Country
Soccer
Puzzle
hide this ad
More By:
redwing61
Quiz
Plays
Rating
Category
Featured
Created
U.S. States by Canadian Border Length
3,670
4.36
Geography
Apr 8, 2011
NCAA Men's Division I College Hockey Teams
1,603
4.60
Sports
Nov 16, 2011
100 (More) Classic Rock Bands/Artists
543
5.00
Music
Mar 18, 2017
Colleges and Universities of Michigan
491
4.00
Geography
Nov 12, 2011
Most-Populous Non-Suburb Michigan Cities
397
3.60
Geography
Oct 21, 2011
Go to Creator's Profile
Score Distribution
Quiz Creator Spotlight
redwing61
Follow
Send a Message
Quizzes Created
-
Created Quiz Play Count
-
More By This Creator
Popular Quizzes Today
1
Find the US States - No Outlines Minefield
2
The Countries of the World
3
Popular People in 1961
4
Find the Countries of Europe - No Outlines Minefield
5
1-10 Letter E Words III
6
Find the US States
7
One Thing in Common: World Cities II
8
US States
More Geography Quizzes
Christmas Pick: Continent
Quiz Lab
Trending Quizzes
Country Music Stars Doing Things
Get the Picture: Carrie or Dolly
1-10 Letter F Words
1-10 Letter G Words
Risky Map Clicking: Next State Alphabetically
Recently Updated
Leaping Animals
pecheneg
Reality TV Shows (A-Z)
bhenderson79
Rickey Henderson's Hall of Fame Teammates
pecheneg
Champions League XIs: Arsenal
pecheneg
Quick Pick: Celebrities in WWE's Hall of Fame
aduchscher
A-Z Keypad Blitz II
pecheneg
Multiple Oscar Actors
pecheneg
Mystery Phrase Blitz: Oscar 'Best Actors'
pecheneg
F. Scott Fitzgerald Novels
LTH
Pick 3 Villains
ddd62291
Trending Topics
Marvel
Anime
NBA
Disney
Crossword
Harry Potter
Kpop
Song
Country
Pokémon
The Office
Soccer
NFL
Puzzle
WWE
Your Account Isn't Verified!
In order to create a playlist on Sporcle, you need to verify the email address you used during registration. Go to your
Sporcle Settings
to finish the process.
Report this User
Report this user for behavior that violates our
Community Guidelines
.
Details:
Send Report
Go to the Sporcle.com Mobile Site →
Comments